Statistics for Hallelujah - Panic! At The Disco - All Lyrics

Click here to take the quiz!

General Stats

  • This quiz has been taken 5 times
  • The average score is 223 of 330

Answer Stats

Answer% Correct
hallelujah
100%
(Hallelujah!)
100%
I
100%
Oh,
100%
oh
100%
the
100%
a
80%
All
80%
and
80%
And
80%
back,
80%
be
80%
be?
80%
can't
80%
it
80%
it,
80%
let
80%
praise
80%
prayers
80%
right
80%
Say
80%
secondhand
80%
sing
80%
sinners
80%
stand
80%
through
80%
up,
80%
up
80%
was
80%
with
80%
ya
80%
you
80%
your
80%
being
60%
body,
60%
covers
60%
don’t
60%
heart
60%
if
60%
in
60%
is
60%
lean
60%
love
60%
lovers
60%
move
60%
No
60%
no
60%
of
60%
one
60%
Show
60%
sitting
60%
than
60%
them
60%
Then
60%
to
60%
under
60%
were
60%
when
60%
Who
60%
about
40%
again
40%
better
40%
blue
40%
brand
40%
bullets
40%
caught
40%
day
40%
daydream
40%
didn’t
40%
drunk
40%
emergency
40%
ever
40%
from
40%
got
40%
hate
40%
have
40%
know
40%
let’s
40%
life
40%
like
40%
mean
40%
miss
40%
mouth
40%
my
40%
My
40%
new
40%
other
40%
over
40%
pretty
40%
sad
40%
So
40%
started
40%
state
40%
Stop
40%
stop
40%
thing
40%
things,
40%
things
40%
thinking
40%
tied
40%
time
40%
try
40%
try,
40%
trying
40%
wants
40%
young
40%
yourself
40%
for
20%
I’m
20%
Just
20%
never
20%
scars
20%
shaking,
20%
you’ll
20%
finished
0%

Score Distribution

Percentile by Number Answered

Percent of People with Each Score

Your Score History

You have not taken this quiz